000 00545nam a2200181Ia 4500
003 GCL
008 140319s9999 xx 000 0 eng d
040 _aGCL /
_cGCL
082 0 4 _a618.92
_bH C
100 1 _aHAMAGUCHI, PATRICIA
245 1 0 _aCHILDHOOD SPEECH LANGUAGE AND LISTENING PROBLEMS: WHAT EVERY PARENT SHOULD KNOW /
_cHAMAGUCHI, PATRICIA
700 1 _aMA ALEER
260 _a[S.N] :
_bJOHN HOPKINS PRESS ،
_c1995
300 _a213 P
650 0 4 _aPOPULAR - WORKS
650 0 4 _aCOMMUNICATIVE DISORDER IN CHILDREN
942 _2ddc
_cBK
999 _c24365
_d24365